The decomposition of an interval of natural numbers into three strongly sum-free sets

Bibliographic Details
Main Author: Bačík, Július, 1935- (Author)
Format: Article
Language:Slovak
English
PhysicalDescription:Res. slov., rus., lit. 5 zázn. v angl., maď.
Subjects:

MARC

LEADER 00000nab a2200000 a 4500
001 vtls000299637
003 SK-MaSNL
005 20260304063110.0
008 250422c1986 xo 0 slo
015 |a SNBRA19rr/mm-uuuuu 
035 |a CL0309756 
035 |a (urnnbn)urn:nbn:sk:snk:ar-0068j2 
035 |a (uuid)4106c17e-1e0e-417c-b60c-304746a4b0a1 
035 |a urn:nbn:sk:snk-ab84a5 
040 |a SNKBUCL  |b slo  |c SNKBUCL  |e AACR2 
041 0 |a eng 
044 |a xo  |c SK 
080 |a 511.12:519.612  |2 1981 
080 |a 519.612  |2 1981 
080 |a 510.23  |2 1981 
100 1 |a Bačík, Július,  |d 1935-  |4 aut  |9 48487 
245 1 4 |a The decomposition of an interval of natural numbers into three strongly sum-free sets  |c Július Bačík 
300 |b Res. slov., rus., lit. 5 zázn. v angl., maď. 
650 0 7 |a intervaly celočíselné  |2 snkbucl  |9 1349191 
655 7 |a články zo zborníkov  |2 snkbucl  |9 166140 
773 0 |t Acta mathematica Universitatis Comenianae 48-49  |d Bratislava : Alfa, 1986  |g S. 23-35 
850 |a Slovenská národná knižnica 
852 |a Slovenská národná knižnica 
958 |a article9 
958 |a OND 
958 |a RK 
958 |a NB 
958 |a EUIPO 
992 |a RZB 
999 |c 2741036  |d 2742966